[Event "Titled Tuesday intern op 02nd Apr Early"]
[Site "Chess.com INT"]
[Date "2024.04.02"]
[Round "8"]
[White "Andreikin, Dmitry"]
[Black "Harika, Dronavalli"]
[Result "1-0"]
[WhiteElo "2729"]
[BlackElo "2503"]
[PlyCount "127"]
[EventDate "2024.04.02"]
[EventType "swiss (blitz)"]
[EventRounds "11"]
[EventCountry "USA"]
[SourceTitle "CB15_2024"]
[SourceDate "2024.04.10"]
[SourceVersion "1"]
[SourceVersionDate "2024.04.10"]
[SourceQuality "1"]

1. d4 d5 2. c4 e6 3. Nf3 Nf6 4. Bg5 h6 5. Bxf6 Qxf6 6. e3 c6 7. Nbd2 g6 8. Bd3 Bg7 9. 0-0 0-0 10. e4 Qd8 11. e5 b6 12. cxd5 exd5 13. Qc2 Be6 14. b4 Qe7 15. Rab1 Rc8 16. Rfc1 Nd7 17. Nb3 Bf8 18. Nbd2 a5 19. b5 c5 20. h3 Bg7 21. Qb2 c4 22. Bf1 Bf5 23. Ra1 Nf8 24. a3 a4 25. Nb1 Bxb1 26. Raxb1 Ne6 27. h4 Ra5 28. h5 g5 29. g3 Nc7 30. Qc2 Rf8 31. Bg2 Qxa3 32. Ra1 Qb3 33. Qf5 Ne6 34. Rd1 a3 35. Nh2 a2 36. Bxd5 Rxb5 37. Be4 Rd8 38. Qh7+ Kf8 39. Ng4 Rxd4 40. Rxd4 Nxd4 41. Nxh6 Bxh6 42. Qxh6+ Ke8 43. Qd6 Qc3 44. Rxa2 Qe1+ 45. Kh2 Qxe4 46. Qb8+ Ke7 47. Ra7+ Ke6 48. Qd6+ Kf5 49. Rxf7+ Kg4 50. Qd7+ Nf5 51. Qd1+ Qf3 52. Qxf3+ Kxf3 53. Rxf5+ Kg4 54. h6 Ra5 55. h7 Ra8 56. Rf6 Rc8 57. Rxb6 c3 58. Rc6 Rxc6 59. h8Q c2 60. Qh3+ Kf3 61. Qg2+ Ke2 62. Qxc6 Kd2 63. Qxc2+ Kxc2 64. e6 1-0

[Event "Titled Tuesday intern op 02nd Apr Early"]
[Site "Chess.com INT"]
[Date "2024.04.02"]
[Round "6"]
[White "Durarbayli, Vasif"]
[Black "Harika, Dronavalli"]
[Result "1-0"]
[WhiteElo "2627"]
[BlackElo "2503"]
[PlyCount "125"]
[EventDate "2024.04.02"]
[EventType "swiss (blitz)"]
[EventRounds "11"]
[EventCountry "USA"]
[SourceTitle "CB15_2024"]
[SourceDate "2024.04.10"]
[SourceVersion "1"]
[SourceVersionDate "2024.04.10"]
[SourceQuality "1"]

1. e4 e6 2. d4 d5 3. Nc3 Bb4 4. e5 c5 5. a3 Bxc3+ 6. bxc3 Nc6 7. Qg4 g6 8. Nf3 Qa5 9. Bd2 Qa4 10. Bd3 Nge7 11. Qf4 c4 12. Be2 h6 13. h4 Qxc2 14. 0-0 Rh7 15. Rfb1 b6 16. Ne1 g5 17. Nxc2 gxf4 18. Bxf4 Bd7 19. h5 0-0-0 20. Ne3 Rf8 21. Ng4 Ng8 22. g3 Be8 23. Kg2 Nce7 24. a4 Nc6 25. Bd1 Na5 26. Bc2 Rh8 27. Rh1 Kb7 28. Nf6 Nxf6 29. exf6 Rfg8 30. f3 Ka6 31. g4 Nc6 32. Kg3 Bd7 33. Rhe1 Nb8 34. Bd2 Bc6 35. Bf4 Nd7 36. Be5 Kb7 37. Kh4 a5 38. f4 Nxe5 39. Rxe5 Kc7 40. g5 Rf8 41. Ree1 Bd7 42. Rab1 Bc6 43. Rb2 Bd7 44. Reb1 Rb8 45. g6 Rhf8 46. g7 Rfd8 47. Kg3 Bc6 48. Kg4 Kd6 49. Ra1 Kc7 50. Re1 Bd7 51. Re5 Bc6 52. Kg3 Bd7 53. f5 exf5 54. Rxd5 Be6 55. Rdb5 Bd7 56. Re5 Be6 57. Kf4 Kd6 58. Bxf5 Bd5 59. Re7 Bc6 60. Ra2 b5 61. axb5 Rxb5 62. Rxf7 Rb3 63. Rf8 1-0

[Event "Titled Tuesday intern op 02nd Apr Early"]
[Site "Chess.com INT"]
[Date "2024.04.02"]
[Round "1"]
[White "Harika, Dronavalli"]
[Black "Padmini, Rout"]
[Result "1/2-1/2"]
[WhiteElo "2503"]
[BlackElo "2353"]
[PlyCount "89"]
[EventDate "2024.04.02"]
[EventType "swiss (blitz)"]
[EventRounds "11"]
[EventCountry "USA"]
[SourceTitle "CB15_2024"]
[SourceDate "2024.04.10"]
[SourceVersion "1"]
[SourceVersionDate "2024.04.10"]
[SourceQuality "1"]

1. Nf3 Nf6 2. c4 g6 3. b3 Bg7 4. Bb2 0-0 5. g3 d6 6. d4 c5 7. Bg2 cxd4 8. Nxd4 a6 9. 0-0 Qc7 10. Nc3 Nc6 11. Rc1 Nxd4 12. Qxd4 Be6 13. Nd5 Bxd5 14. cxd5 Qd7 15. Qb6 Rfc8 16. e4 Rxc1 17. Rxc1 Rc8 18. Qe3 Nxd5 19. Rxc8+ Qxc8 20. exd5 Bxb2 21. Qxe7 Qc1+ 22. Bf1 Bd4 23. Qxd6 Qd2 24. Qf4 Qxf4 25. gxf4 Bc5 26. Kg2 Kf8 27. Kf3 Ke7 28. Bg2 Kd6 29. Ke2 Ba3 30. h3 Bc1 31. f5 gxf5 32. Bf3 Ke5 33. Bh5 Kxd5 34. Bxf7+ Ke5 35. Be8 a5 36. Bd7 b6 37. a4 Ba3 38. Bc8 Bc5 39. Kf3 h6 40. Kg2 Kf4 41. f3 Bd4 42. Bd7 Bc5 43. Bc8 Bd4 44. Bd7 Bc5 45. Bc8 1/2-1/2

[Event "Swiss Queens Wed #8"]
[Site "FIDE Online Arena INT"]
[Date "2024.03.20"]
[Round "4"]
[White "Ismayil, Malak"]
[Black "Harika, Dronavalli"]
[Result "1-0"]
[WhiteElo "2200"]
[BlackElo "2503"]
[PlyCount "79"]
[EventDate "2024.03.20"]
[EventType "swiss (blitz)"]
[EventRounds "11"]
[EventCountry "NET"]
[SourceTitle "CB13_2024"]
[SourceDate "2024.03.27"]
[SourceVersion "1"]
[SourceVersionDate "2024.03.27"]
[SourceQuality "1"]

1. e4 g6 2. d4 Bg7 3. Nc3 d6 4. Be3 a6 5. Qd2 b5 6. f3 Nd7 7. h4 h5 8. Nh3 Nb6 9. Bd3 Bxh3 10. Rxh3 Nf6 11. a4 b4 12. Ne2 a5 13. Bb5+ Nfd7 14. Bc6 Rb8 15. Qd3 0-0 16. g4 Nf6 17. gxh5 Nxh5 18. Nf4 Nxf4 19. Bxf4 e5 20. Bg5 Bf6 21. f4 exf4 22. Bxf4 Nc8 23. 0-0-0 Ne7 24. Bb5 Rb7 25. h5 c6 26. Ba6 Ra7 27. hxg6 Nxg6 28. Rg1 Qb6 29. Bc4 d5 30. exd5 Qxd4 31. Rxg6+ fxg6 32. dxc6+ Rff7 33. Qxd4 Bxd4 34. c7 Ra8 35. Rd3 Bb6 36. Rd7 Bxc7 37. Bxf7+ Kg7 38. Rxc7 Kf6 39. Bd5 Kf5 40. Bxa8 1-0

[Event "Swiss Queens Wed #7"]
[Site "FIDE Online Arena INT"]
[Date "2024.03.13"]
[Round "9"]
[White "Harika, Dronavalli"]
[Black "Agrest, Inna"]
[Result "1-0"]
[WhiteElo "2503"]
[BlackElo "2284"]
[PlyCount "65"]
[EventDate "2024.03.13"]
[EventType "swiss (blitz)"]
[EventRounds "11"]
[EventCountry "NET"]
[SourceTitle "CB12_2024"]
[SourceDate "2023.10.01"]
[SourceVersion "1"]
[SourceVersionDate "2023.10.01"]
[SourceQuality "1"]

1. Nf3 Nf6 2. d4 g6 3. Bg5 Bg7 4. Nbd2 d5 5. e3 0-0 6. Bd3 c5 7. c3 Nc6 8. Qe2 Re8 9. dxc5 e5 10. e4 a5 11. Rd1 h6 12. Bxf6 Bxf6 13. exd5 Qxd5 14. Ne4 Qd8 15. Bc4 Qe7 16. Nxf6+ Qxf6 17. Rd6 Qg7 18. 0-0 Kh7 19. Rfd1 e4 20. Nd4 Ne5 21. h3 Bd7 22. Bd5 Bc6 23. Nxc6 bxc6 24. Bxc6 Nxc6 25. Rxc6 Rac8 26. Rxc8 Rxc8 27. Qxe4 Rxc5 28. Rd7 Rf5 29. Qd4 Qf8 30. Rd8 Qg7 31. Qxg7+ Kxg7 32. b4 axb4 33. cxb4 1-0

[Event "Swiss Queens Wed #3"]
[Site "FIDE Online Arena INT"]
[Date "2024.02.14"]
[Round "8"]
[White "Aliaga Fernandez, Ingrid Yadira"]
[Black "Harika, Dronavalli"]
[Result "0-1"]
[WhiteElo "2147"]
[BlackElo "2503"]
[PlyCount "94"]
[EventDate "2024.02.14"]
[EventType "swiss (blitz)"]
[EventRounds "11"]
[EventCountry "NET"]
[SourceTitle "CB08_2024"]
[SourceDate "2024.02.21"]
[SourceVersion "1"]
[SourceVersionDate "2024.02.21"]
[SourceQuality "1"]

1. e4 e6 2. d4 d5 3. Nd2 Be7 4. e5 c5 5. dxc5 Qc7 6. Ngf3 Nd7 7. Qe2 Nxc5 8. g3 Nh6 9. Bg2 Bd7 10. 0-0 Nf5 11. Nb3 Nxb3 12. axb3 a6 13. Qd2 h5 14. h3 Qb6 15. Kh2 Rc8 16. Rd1 Bc5 17. Rf1 Bb5 18. b4 Bxf1 19. bxc5 Qb5 20. b4 Bxg2 21. Kxg2 h4 22. g4 Ne7 23. c3 Ng6 24. Qd4 Qe2 25. Bg5 Qe4 26. Re1 Qxd4 27. cxd4 Kd7 28. Ra1 Kc6 29. Bd2 f6 30. exf6 gxf6 31. Ne1 e5 32. dxe5 fxe5 33. Nd3 Rce8 34. Nb2 Rhf8 35. Be3 Nf4+ 36. Kh2 d4 37. Bxf4 Rxf4 38. Kg2 Kd5 39. Nd3 Rf7 40. Nb2 Ref8 41. Nd1 e4 42. Ra2 Rf3 43. Rd2 d3 44. Ne3+ Kd4 45. Nf5+ R3xf5 46. gxf5 Rxf5 47. Rd1 Kc3 0-1

[Event "Swiss Queens Wed #3"]
[Site "FIDE Online Arena INT"]
[Date "2024.02.14"]
[Round "5"]
[White "Harika, Dronavalli"]
[Black "Mammadova, Gulnar Marfat Qizi"]
[Result "1/2-1/2"]
[WhiteElo "2503"]
[BlackElo "2351"]
[PlyCount "113"]
[EventDate "2024.02.14"]
[EventType "swiss (blitz)"]
[EventRounds "11"]
[EventCountry "NET"]
[SourceTitle "CB08_2024"]
[SourceDate "2024.02.21"]
[SourceVersion "1"]
[SourceVersionDate "2024.02.21"]
[SourceQuality "1"]

1. Nf3 Nf6 2. g3 d5 3. Bg2 e6 4. c4 Be7 5. 0-0 0-0 6. b3 c5 7. cxd5 Nxd5 8. Bb2 Bf6 9. d4 Nc6 10. Qd2 cxd4 11. Nxd4 Nxd4 12. Bxd4 Bxd4 13. Qxd4 Qf6 14. Rd1 Qxd4 15. Rxd4 Nf6 16. Nc3 e5 17. Rd2 Rb8 18. Nd5 Nxd5 19. Rxd5 f6 20. Rc5 Be6 21. Rc7 Rf7 22. Rac1 Rxc7 23. Rxc7 Rc8 24. Rxc8+ Bxc8 25. f4 Kf7 26. Kf2 b6 27. Ke3 Ke7 28. b4 Kd6 29. a3 a5 30. Be4 g6 31. h4 f5 32. Bc2 axb4 33. axb4 Be6 34. Ba4 Bf7 35. Bc2 Be6 36. Kd2 Bc4 37. e4 fxe4 38. Bxe4 exf4 39. gxf4 Bf7 40. Ke3 Be8 41. Kd4 Bf7 42. Bd3 Be6 43. Bc2 Bf7 44. Ba4 Be6 45. Be8 Bg8 46. Bb5 Be6 47. Be2 Bg8 48. Bg4 Bf7 49. Bf3 Be6 50. h5 gxh5 51. Bxh5 Bf5 52. Bf7 h6 53. Bh5 Kc6 54. Be8+ Kd6 55. Bh5 Kc6 56. Be8+ Kd6 57. Bh5 1/2-1/2

[Event "Swiss Queens Wed #3"]
[Site "FIDE Online Arena INT"]
[Date "2024.02.14"]
[Round "10"]
[White "Harika, Dronavalli"]
[Black "Shubenkova, Veronika"]
[Result "1-0"]
[WhiteElo "2503"]
[BlackElo "2007"]
[PlyCount "79"]
[EventDate "2024.02.14"]
[EventType "swiss (blitz)"]
[EventRounds "11"]
[EventCountry "NET"]
[SourceTitle "CB08_2024"]
[SourceDate "2024.02.21"]
[SourceVersion "1"]
[SourceVersionDate "2024.02.21"]
[SourceQuality "1"]

1. Nf3 d5 2. g3 e6 3. Bg2 f5 4. c4 Nf6 5. 0-0 c6 6. Nc3 Bd6 7. d3 Bc7 8. e4 d4 9. Ne2 fxe4 10. dxe4 e5 11. Ne1 0-0 12. Nd3 Qe7 13. h3 c5 14. a3 Nc6 15. b4 b6 16. Bd2 Be6 17. Rc1 a5 18. bxc5 bxc5 19. Qa4 Bd7 20. Qc2 a4 21. Rb1 Rfb8 22. Rb5 Bd6 23. Rfb1 Qf8 24. Kh2 Na7 25. Rb7 Bc6 26. Rxb8 Rxb8 27. f3 Rxb1 28. Qxb1 Qc8 29. Qb6 Qb7 30. Ba5 Nc8 31. Qd8+ Kf7 32. f4 Bxe4 33. fxe5 Bxg2 34. exd6 Bf1 35. Nef4 g5 36. Ne5+ Kg7 37. Ne6+ Kh6 38. Qxf6+ Kh5 39. g4+ Kh4 40. Qf2# 1-0

[Event "Swiss Queens Wed #3"]
[Site "FIDE Online Arena INT"]
[Date "2024.02.14"]
[Round "11"]
[White "Kairbekova, Amina"]
[Black "Harika, Dronavalli"]
[Result "0-1"]
[WhiteElo "2204"]
[BlackElo "2503"]
[PlyCount "94"]
[EventDate "2024.02.14"]
[EventType "swiss (blitz)"]
[EventRounds "11"]
[EventCountry "NET"]
[SourceTitle "CB08_2024"]
[SourceDate "2024.02.21"]
[SourceVersion "1"]
[SourceVersionDate "2024.02.21"]
[SourceQuality "1"]

1. e4 g6 2. d4 Bg7 3. Nc3 d6 4. Be3 a6 5. Nf3 b5 6. Bd3 Bb7 7. Ne2 Nd7 8. Ng3 c5 9. c3 Ngf6 10. h3 0-0 11. 0-0 e5 12. d5 c4 13. Bc2 Qc7 14. Nh2 Nc5 15. Ng4 Bc8 16. Bg5 Nxg4 17. hxg4 Bd7 18. f3 a5 19. Qd2 f6 20. Bh6 Rf7 21. Bxg7 Kxg7 22. Kf2 Rb8 23. Rh1 Kg8 24. Ne2 b4 25. Rh2 Qb6 26. Kg3 Ba4 27. Bxa4 Nxa4 28. Rah1 Rbb7 29. g5 Qd8 30. gxf6 Qxf6 31. Qh6 Nxb2 32. cxb4 axb4 33. Qd2 Nd3 34. Qc2 Rbc7 35. Rh4 Nf4 36. Nxf4 exf4+ 37. Kh3 c3 38. Rb1 Qd4 39. Rg4 Kg7 40. Rg5 h6 41. Rg4 g5 42. Kh2 Rc4 43. e5 Qxe5 44. Qd3 Rd4 45. Qb5 Qxd5 46. Qe8 Qe5 47. Qc8 Qf5 0-1

[Event "Swiss Queens Wed #3"]
[Site "FIDE Online Arena INT"]
[Date "2024.02.14"]
[Round "3"]
[White "Kosteniuk, Alexandra"]
[Black "Harika, Dronavalli"]
[Result "1/2-1/2"]
[WhiteElo "2501"]
[BlackElo "2503"]
[PlyCount "144"]
[EventDate "2024.02.14"]
[EventType "swiss (blitz)"]
[EventRounds "11"]
[EventCountry "NET"]
[SourceTitle "CB08_2024"]
[SourceDate "2024.02.21"]
[SourceVersion "1"]
[SourceVersionDate "2024.02.21"]
[SourceQuality "1"]

1. Nf3 Nf6 2. g3 g6 3. Bg2 Bg7 4. 0-0 0-0 5. d4 d6 6. c4 Nbd7 7. Nc3 e5 8. e4 exd4 9. Nxd4 Nc5 10. Re1 Re8 11. h3 Bd7 12. Rb1 h6 13. b4 Ne6 14. Nxe6 Bxe6 15. Qd3 a5 16. a3 Nd7 17. f4 axb4 18. axb4 Nb6 19. Nd5 Nxd5 20. cxd5 Bd7 21. Bb2 Bxb2 22. Rxb2 c6 23. dxc6 Bxc6 24. Kh2 b5 25. Rd2 Bb7 26. Qxb5 Qc7 27. Qd3 Rad8 28. Qd4 h5 29. h4 Qe7 30. Re3 Qc7 31. Rc3 Qe7 32. Re2 Qd7 33. Ree3 Qe7 34. b5 Qd7 35. b6 Rc8 36. Red3 Rxc3 37. Rxc3 Qe6 38. Rc7 Rb8 39. f5 gxf5 40. exf5 Qa2 41. Rxb7 Rxb7 42. Qxd6 Qb2 43. Qd8+ Kh7 44. Qg5 Rxb6 45. Qxh5+ Kg7 46. Qg5+ Kh7 47. Kh3 Qf6 48. Qh5+ Kg7 49. Qg4+ Kf8 50. Qe4 Rb2 51. Bf3 Kg7 52. Qg4+ Kf8 53. Qf4 Kg7 54. Qg5+ Qxg5 55. hxg5 Rb5 56. g4 Rb4 57. Kg3 Rb3 58. Kf4 Rb4+ 59. Be4 Ra4 60. f6+ Kf8 61. Ke3 Ra3+ 62. Kf4 Ra4 63. Kf3 Ra3+ 64. Kg2 Ra4 65. Bf5 Ra5 66. Kf3 Ra3+ 67. Kf4 Ra6 68. Kg3 Rb6 69. Kh4 Ra6 70. Be4 Rb6 71. Kg3 Ra6 72. Kf4 Ra4 1/2-1/2

[Event "Titled Tuesday intern op 13th Feb Early"]
[Site "Chess.com INT"]
[Date "2024.02.13"]
[Round "6"]
[White "Asylov, Miras"]
[Black "Harika, Dronavalli"]
[Result "1-0"]
[WhiteElo "2176"]
[BlackElo "2503"]
[PlyCount "131"]
[EventDate "2024.02.13"]
[EventType "swiss (blitz)"]
[EventRounds "11"]
[EventCountry "USA"]
[SourceTitle "CB08_2024"]
[SourceDate "2024.02.21"]
[SourceVersion "1"]
[SourceVersionDate "2024.02.21"]
[SourceQuality "1"]

1. Nf3 Nf6 2. d4 g6 3. Nc3 Bg7 4. e4 d6 5. Bd3 c6 6. a4 a5 7. 0-0 0-0 8. Re1 Qc7 9. h3 e5 10. Be3 Na6 11. Qd2 Nb4 12. Bc4 b6 13. Rac1 Ba6 14. Bb3 Rad8 15. Bh6 Nh5 16. Bxg7 Kxg7 17. dxe5 dxe5 18. Qg5 Rde8 19. Nh4 Bc8 20. Nf5+ Kh8 21. Rcd1 f6 22. Qh4 Nf4 23. Ne3 Qe7 24. Ne2 Ne6 25. c3 Na6 26. Nc4 Nac5 27. Bc2 Qc7 28. Ng3 Nf4 29. Ne2 Nxe2+ 30. Rxe2 Ba6 31. b3 Nxa4 32. bxa4 Bxc4 33. Red2 Re7 34. Rd6 Kg7 35. g4 h6 36. Qg3 g5 37. h4 b5 38. Qe3 Bg8 39. hxg5 hxg5 40. Qc5 bxa4 41. Rxc6 Qa7 42. Qxa7 Rxa7 43. Bxa4 Rff7 44. Rdd6 Rf8 45. c4 Bf7 46. c5 Rb8 47. Rxf6 Rb4 48. Bc2 a4 49. Ra6 Rxa6 50. Rxa6 Rc4 51. Bxa4 Rxc5 52. Kg2 Rc1 53. Ra7 Kf6 54. Bb5 Be6 55. Kg3 Rc3+ 56. f3 Bb3 57. Ra6+ Kg7 58. Ra3 Kf6 59. Ba4 Rxf3+ 60. Kxf3 Bxa4 61. Rxa4 Ke6 62. Ra6+ Kd7 63. Ke3 Kc7 64. Rg6 Kb7 65. Rxg5 Kc7 66. Rf5 1-0

[Event "Titled Tuesday intern op 13th Feb Early"]
[Site "Chess.com INT"]
[Date "2024.02.13"]
[Round "9"]
[White "Daaevik, Wadhawan"]
[Black "Harika, Dronavalli"]
[Result "0-1"]
[WhiteElo "2311"]
[BlackElo "2503"]
[PlyCount "123"]
[EventDate "2024.02.13"]
[EventType "swiss (blitz)"]
[EventRounds "11"]
[EventCountry "USA"]
[SourceTitle "CB08_2024"]
[SourceDate "2024.02.21"]
[SourceVersion "1"]
[SourceVersionDate "2024.02.21"]
[SourceQuality "1"]

1. Nf3 Nf6 2. g3 g6 3. b3 Bg7 4. Bb2 d6 5. d4 b5 6. Bg2 Bb7 7. 0-0 0-0 8. Qd3 a6 9. c4 Nbd7 10. Nbd2 e6 11. e4 c5 12. d5 e5 13. a4 b4 14. Ne1 Qe7 15. Qe2 Nh5 16. Nd3 Rae8 17. Rae1 Bc8 18. f4 a5 19. f5 Bh6 20. Bc1 Ndf6 21. Bh3 Kh8 22. Rf3 Rg8 23. Kh1 Bd7 24. Nf1 Bxc1 25. Rxc1 h6 26. Ne3 Nxe4 27. fxg6 fxg6 28. Bxd7 Qxd7 29. Rcf1 Ng5 30. R3f2 Qg7 31. Ng4 Rgf8 32. Rxf8+ Rxf8 33. Rxf8+ Qxf8 34. Kg2 Kh7 35. Ndf2 Qf5 36. Ne3 Qb1 37. Qc2 Qxc2 38. Nxc2 Nf6 39. Ne3 Nfe4 40. Nxe4 Nxe4 41. Nf1 h5 42. Kf3 Nf6 43. Nd2 Kg7 44. h3 Kf7 45. Ne4 Nxe4 46. Kxe4 Kf6 47. h4 g5 48. Ke3 Kf5 49. Kf3 e4+ 50. Ke3 gxh4 51. gxh4 Ke5 52. Ke2 Kd4 53. Kd2 e3+ 54. Ke2 Ke4 55. Ke1 Kd3 56. Kd1 Kc3 57. Ke2 Kxb3 58. Kxe3 Kxa4 59. Ke4 b3 60. Kf5 b2 61. Ke6 b1Q 62. Kxd6 0-1

[Event "Titled Tuesday intern op 13th Feb Early"]
[Site "Chess.com INT"]
[Date "2024.02.13"]
[Round "2"]
[White "Harika, Dronavalli"]
[Black "Szalay, Karoly"]
[Result "1-0"]
[WhiteElo "2503"]
[BlackElo "2159"]
[PlyCount "143"]
[EventDate "2024.02.13"]
[EventType "swiss (blitz)"]
[EventRounds "11"]
[EventCountry "USA"]
[SourceTitle "CB08_2024"]
[SourceDate "2024.02.21"]
[SourceVersion "1"]
[SourceVersionDate "2024.02.21"]
[SourceQuality "1"]

1. Nf3 d5 2. g3 Nf6 3. Bg2 e6 4. 0-0 Be7 5. c4 0-0 6. b3 a5 7. Nc3 c6 8. d4 b6 9. Bb2 Ba6 10. Nd2 Nbd7 11. e4 dxe4 12. Ndxe4 Rc8 13. Re1 b5 14. c5 b4 15. Nxf6+ Nxf6 16. Ne4 Nd5 17. Qc2 Qc7 18. Rad1 Rce8 19. Nd2 Bf6 20. Nc4 g6 21. h4 Bg7 22. h5 Rd8 23. Nd6 Rd7 24. Qc1 Rfd8 25. hxg6 hxg6 26. Bxd5 cxd5 27. Kg2 Rxd6 28. cxd6 Qxd6 29. Qe3 Qb6 30. Rh1 a4 31. Qg5 a3 32. Bc1 Rc8 33. Bf4 Bxd4 34. Be5 Bxe5 35. Qxe5 Kf8 36. Qf6 Ke8 37. Rh8+ Kd7 38. Qxf7+ Kd6 39. Qf4+ Kd7 40. Rh7+ Kc6 41. Qf7 Kb5 42. Re1 Rc6 43. Qe8 Ka5 44. Re7 Rc2 45. Qf7 Bc8 46. Ra7+ Kb5 47. Qe8+ Qc6 48. Qxc6+ Kxc6 49. Rg7 Kd6 50. Ra1 d4 51. Rxg6 Bb7+ 52. Kf1 Be4 53. Rg8 Bf3 54. Rd8+ Ke5 55. Re1+ Kf5 56. Rxd4 Rxa2 57. Rf4+ Kg5 58. Rxf3 Rb2 59. Rfe3 a2 60. Re5+ Kg4 61. Ra5 Rxb3 62. Rxa2 Kf3 63. Rae2 Kg4 64. Re4+ Kf5 65. Re5+ Kg4 66. Rxe6 Rb2 67. R6e4+ Kf5 68. Rf4+ Kg5 69. Kg2 b3 70. Re5+ Kg6 71. Rb5 Ra2 72. Rxb3 1-0

[Event "Titled Tuesday intern op 13th Feb Early"]
[Site "Chess.com INT"]
[Date "2024.02.13"]
[Round "10"]
[White "Panda, Sambit"]
[Black "Harika, Dronavalli"]
[Result "0-1"]
[WhiteElo "2377"]
[BlackElo "2503"]
[PlyCount "114"]
[EventDate "2024.02.13"]
[EventType "swiss (blitz)"]
[EventRounds "11"]
[EventCountry "USA"]
[SourceTitle "CB08_2024"]
[SourceDate "2024.02.21"]
[SourceVersion "1"]
[SourceVersionDate "2024.02.21"]
[SourceQuality "1"]

1. d4 Nf6 2. c4 e6 3. Nc3 d5 4. Nf3 a6 5. c5 b6 6. cxb6 cxb6 7. Bf4 Bd6 8. e3 0-0 9. Bd3 Bxf4 10. exf4 Bb7 11. 0-0 Nc6 12. Rc1 Rc8 13. Ne5 h6 14. Bb1 b5 15. Qd3 Nb4 16. Qe2 Qb6 17. Rfd1 Rc7 18. a3 Nc6 19. Qd3 Rfc8 20. g4 Nxe5 21. fxe5 Ne4 22. Ne2 Rxc1 23. Nxc1 g6 24. f3 Ng5 25. h4 Qxd4+ 26. Qxd4 Nxf3+ 27. Kf2 Nxd4 28. Nd3 Nb3 29. Ba2 Nc5 30. Nf4 Ne4+ 31. Ke3 Kg7 32. h5 Rc2 33. hxg6 Rxb2 34. Bb1 Nc3 35. gxf7 Kxf7 36. Bg6+ Ke7 37. Rf1 Rb3 38. Kd4 Rxa3 39. Bh5 Ne4 40. Ng6+ Kd8 41. Rf8+ Kc7 42. Rf7+ Kb6 43. Re7 Ra4+ 44. Ke3 Nc5 45. Nf8 d4+ 46. Kd2 Bd5 47. Bf7 Ra2+ 48. Kd1 d3 49. Nxe6 Bf3+ 50. Kc1 d2+ 51. Kb1 d1Q+ 52. Kxa2 Qa4+ 53. Kb2 Qb3+ 54. Kc1 Qc3+ 55. Kb1 Be4+ 56. Ka2 Qc2+ 57. Ka1 Qb1# 0-1

[Event "Titled Tuesday intern op 13th Feb Early"]
[Site "Chess.com INT"]
[Date "2024.02.13"]
[Round "1"]
[White "Vivas Zamora, Fabian Ernesto"]
[Black "Harika, Dronavalli"]
[Result "0-1"]
[WhiteElo "2388"]
[BlackElo "2503"]
[PlyCount "86"]
[EventDate "2024.02.13"]
[EventType "swiss (blitz)"]
[EventRounds "11"]
[EventCountry "USA"]
[SourceTitle "CB08_2024"]
[SourceDate "2024.02.21"]
[SourceVersion "1"]
[SourceVersionDate "2024.02.21"]
[SourceQuality "1"]

1. e4 c5 2. Nf3 Nc6 3. d4 cxd4 4. Nxd4 Nf6 5. Nc3 e5 6. Ndb5 d6 7. Nd5 Nxd5 8. exd5 Nb8 9. c4 Be7 10. Bd3 0-0 11. 0-0 f5 12. f3 Nd7 13. Be3 a6 14. Nc3 Bg5 15. Bf2 Bh4 16. b4 Bxf2+ 17. Rxf2 a5 18. a3 Nf6 19. Qb1 Bd7 20. Raa2 axb4 21. axb4 Rxa2 22. Rxa2 Qb6+ 23. Kh1 Qd4 24. Ne2 Qh4 25. Ng1 e4 26. Be2 Nh5 27. Nh3 f4 28. Qxe4 Re8 29. Qd4 Bxh3 30. gxh3 Qe1+ 31. Qg1 Rxe2 32. Ra8+ Kf7 33. Rb8 Qxg1+ 34. Kxg1 Re7 35. c5 dxc5 36. bxc5 Nf6 37. d6 Rd7 38. Kf2 Ke6 39. Rc8 Kd5 40. Ke2 Kd4 41. Kd2 Nd5 42. Ke2 h6 43. Kd2 b6 0-1

[Event "Titled Tuesday intern op 06th Feb Early"]
[Site "Chess.com INT"]
[Date "2024.02.06"]
[Round "8"]
[White "Harika, Dronavalli"]
[Black "Bambino Filho, Antonio Carlos"]
[Result "1/2-1/2"]
[WhiteElo "2503"]
[BlackElo "2166"]
[PlyCount "135"]
[EventDate "2024.02.06"]
[EventType "swiss (blitz)"]
[EventRounds "11"]
[EventCountry "USA"]
[SourceTitle "CB07_2024"]
[SourceDate "2024.02.14"]
[SourceVersion "1"]
[SourceVersionDate "2024.02.14"]
[SourceQuality "1"]

1. Nf3 c5 2. c4 Nc6 3. d4 cxd4 4. Nxd4 g6 5. e4 Bg7 6. Be3 Nf6 7. Nc3 Ng4 8. Qxg4 Nxd4 9. Qd1 Ne6 10. Qd2 0-0 11. Rc1 d6 12. Bd3 b6 13. 0-0 Bb7 14. Nd5 Nc5 15. Bb1 e6 16. b4 exd5 17. bxc5 bxc5 18. exd5 Qd7 19. Bh6 Qa4 20. Bxg7 Kxg7 21. Qc3+ Kg8 22. Bc2 Qb4 23. Qg3 Qb6 24. h4 Qc7 25. h5 Rae8 26. Rfe1 Qd7 27. Qc3 Rxe1+ 28. Rxe1 Re8 29. Rxe8+ Qxe8 30. h6 Qe5 31. Qxe5 dxe5 32. g4 Ba6 33. Bd3 e4 34. Bxe4 Bxc4 35. d6 Bb5 36. g5 Kf8 37. f4 Ke8 38. Bd5 Bd7 39. Kf2 Be6 40. Bc6+ Kd8 41. a3 Bd7 42. Bd5 Be6 43. Bc6 Bd7 44. Bd5 Be8 45. Ke3 Kd7 46. f5 Kxd6 47. fxg6 fxg6 48. Bg8 Ke5 49. Kd3 Kf5 50. Kc4 Kxg5 51. Bxh7 Bf7+ 52. Kxc5 Kxh6 53. Bxg6 Kxg6 54. a4 Kf6 55. a5 a6 56. Kb6 Bc4 57. Kc5 Bb5 58. Kb4 Ke5 59. Ka3 Kd5 60. Kb2 Kc5 61. Ka1 Kb4 62. Kb1 Kxa5 63. Ka1 Kb4 64. Kb1 a5 65. Ka1 a4 66. Kb1 a3 67. Ka1 a2 68. Kxa2 1/2-1/2

[Event "Tata Steel-B 86th"]
[Site "Wijk aan Zee"]
[Date "2024.01.23"]
[Round "9"]
[White "Harika, Dronavalli"]
[Black "Niemann, Hans Moke"]
[Result "0-1"]
[WhiteElo "2500"]
[BlackElo "2692"]
[PlyCount "86"]
[EventDate "2024.01.13"]
[EventType "tourn"]
[EventRounds "13"]
[EventCountry "NED"]
[EventCategory "13"]
[SourceTitle "CB05_2024"]
[SourceDate "2024.01.31"]
[SourceVersion "1"]
[SourceVersionDate "2024.01.31"]
[SourceQuality "1"]

1. d4 Nf6 2. c4 e6 3. g3 c5 4. Nf3 cxd4 5. Nxd4 a6 6. Bg2 Qc7 7. Nd2 Nc6 8. N4f3 Be7 9. 0-0 0-0 10. a3 b5 11. b3 Bb7 12. Bb2 b4 13. a4 d6 14. Qc2 Nd7 15. Rad1 Na5 16. e4 Bf6 17. Bxf6 Nxf6 18. Ne1 Nc6 19. Ndf3 e5 20. Qe2 Nd8 21. Nh4 Ne6 22. Nf5 Rad8 23. Nc2 a5 24. f3 Nc5 25. Rb1 g6 26. Nfe3 h5 27. Nd5 Nxd5 28. exd5 Bc8 29. Rf2 Rde8 30. Qf1 Qa7 31. Kh1 Bf5 32. Qg1 Qe7 33. Qd1 h4 34. g4 Bc8 35. Ne3 h3 36. Bf1 Qh4 37. Qe1 f5 38. Re2 Qxe1 39. Rexe1 fxg4 40. fxg4 Rf3 41. Kg1 Ref8 42. Rb2 R8f4 43. Ree2 Re4 0-1

[Event "Tata Steel-B 86th"]
[Site "Wijk aan Zee"]
[Date "2024.01.20"]
[Round "7"]
[White "Harika, Dronavalli"]
[Black "Korobov, Anton"]
[Result "1/2-1/2"]
[WhiteElo "2500"]
[BlackElo "2663"]
[PlyCount "60"]
[EventDate "2024.01.13"]
[EventType "tourn"]
[EventRounds "13"]
[EventCountry "NED"]
[EventCategory "13"]
[SourceTitle "CB05_2024"]
[SourceDate "2024.01.31"]
[SourceVersion "1"]
[SourceVersionDate "2024.01.31"]
[SourceQuality "1"]

1. d4 d5 2. c4 dxc4 3. Nf3 a6 4. e3 Bg4 5. Bxc4 e6 6. h3 Bh5 7. Nc3 Nf6 8. 0-0 Nc6 9. Be2 Bd6 10. b3 Qe7 11. Bb2 0-0 12. Ne5 Bxe2 13. Nxc6 Bxd1 14. Nxe7+ Bxe7 15. Rfxd1 Rfd8 16. Kf1 Rac8 17. Rac1 Kf8 18. Ke2 Ke8 19. Nb1 Ne4 20. Nd2 Nxd2 21. Rxd2 g6 22. Bc3 c5 23. Rdc2 cxd4 24. Bxd4 Rxc2+ 25. Rxc2 Kd7 26. Rd2 Ke8 27. Rc2 Kd7 28. Rd2 Ke8 29. Rc2 Kd7 30. Rd2 Ke8 1/2-1/2